| 000 | 00702nam a2200193 u 4500 | ||
|---|---|---|---|
| 001 | 000582414 | ||
| 003 | AM-YeHGA | ||
| 005 | 20250617141251.0 | ||
| 008 | 080522s1973 ||| r 000 0 rus d | ||
| 040 | _aAM-YeHGA | ||
| 041 | 1 |
_arus _hukr |
|
| 100 | 1 | _aВоронько, Платон Никитович | |
| 245 | 1 | 0 |
_aСлед не умирает : _bСтихи и поэмы / _cПлатон Воронько; Пер. с укр. В. Корчагина. |
| 260 |
_aМосква : _bСов. писатель, _c1973. |
||
| 300 |
_a159 с. : _bпортр. ; _c16 см. |
||
| 653 | 0 | _aУкраинская поэзия | |
| 700 | 1 |
_aКорчагин, Валентин _eпер. _4trl |
|
| 090 | _c236918 | ||
| 999 |
_c235354 _d235354 |
||